| 000 | 00000nam##2200000za#4500 |
| 001 | 9.566653 |
| 003 | CaOODSP |
| 005 | 20210624180407 |
| 007 | cr ||||||||||| |
| 008 | 150406|2009||||xxc|||||o f|0| 0 eng|d |
| 040 | |aCaOODSP|beng |
| 043 | |an-cn--- |
| 086 | 1 |aYC25-402/1-03E-PDF |
| 110 | 1 |aCanada. |bParliament. |bSenate. |
| 245 | 10|aCrisis in the lobster fishery / |h[electronic resource]|cThe Honourable Bill Rompkey, Chair; The Honourable Ethel M. Cochrane, Deputy Chair. |
| 260 | |aOttawa - Ontario : |bSenate |c[June 2009]. |
| 300 | |a18p.|breferences, table |
| 490 | 1 |aReport of the Standing Senate Committee on Fisheries and Oceans|v40th Parliament, 2nd Session, [5th report] |
| 590 | |a09-45|b2009-11-06 |
| 775 | 08|tLa crise dans la pêche au homard / |w(CaOODSP)9.598112 |
| 830 | #0|aReport of the Standing Senate Committee on Fisheries and Oceans ;|v40th Parliament, 2nd Session, [5th report]|w(CaOODSP)9.505799 |
| 856 | 40|ahttp://publications.gc.ca|qPDF|s155 KB|uhttps://publications.gc.ca/collections/collection_2009/sen/YC25-402-1-03E.pdf|y40th Parliament, 2nd Session, [5th report] |